000 00425pab a2200169 454500
008 180718b2009 xxu||||| |||| 00| 0 eng d
100 _aLima, Philomena de
245 _aWelcoming migrants? Migrant labour in rural Scotland
260 _c2009
300 _ap.391-404.
362 _aJul
650 _aMigratory labour
700 _aWright, Sharon
773 _aSocial Policy and Society
908 _aN
909 _a83267
999 _c83267
_d83267